| 000 | 01170cam a22003011i 4500 | ||
|---|---|---|---|
| 003 | SA-RiAUC | ||
| 005 | 20250315145134.0 | ||
| 008 | 250129s1992 su a g b 00010 ara c | ||
| 040 |
_aSA-RiAUC _bara _cSA-RiAUC _erda |
||
| 050 | 4 | _b.A33 1992 | |
| 082 | 0 | 4 |
_a723.3 _qSA-RiAUC |
| 090 |
_a723.3 _b ا ك ب |
||
| 100 | 1 |
_aأكبر، جميل عبد القادر _eمؤلف. |
|
| 245 | 1 | 0 |
_aعمارة الأرض في الإسلام / _cجميل عبد القادر أكبر. |
| 250 | _aالطبعة الأولى. | ||
| 264 | 1 |
_aجدة، السعودية : _bدار القبلة للثقافة الإسلامية، _c1992 |
|
| 300 |
_a522 صفحة : _bإيضاحيات ؛ _c28 سم |
||
| 336 |
_aنص _btxt _2rdacontent _3كتاب |
||
| 337 |
_aبدون وسيط _bn _2rdamedia |
||
| 338 |
_aمجلد _bnc _2rdacarrier |
||
| 500 | _aمصور. | ||
| 504 | _aببليوجرافية : صفحة 511-517. | ||
| 650 | 7 |
_aالعمارة الإسلامية _2aucsh |
|
| 650 | 7 |
_aالمدن الإسلامية _2aucsh |
|
| 650 | 7 |
_aتخطيط المدن _zالبلاد الإسلامية _2aucsh |
|
| 942 |
_2ddc _cBOOK _n0 |
||
| 949 |
_aSA-JeALM _d250129 _uosman123 _n1 |
||
| 999 |
_c6472 _d6472 |
||